Empirics of aggregate-supply elasticity

Na minha lista:
Detalhes bibliográficos
Autor principal: Dujava, Daniel
Formato: Capítulo de Livro
Idioma:inglês
Tags: Adicionar Tag
Sem tags, seja o primeiro a adicionar uma tag!

MARC

LEADER 00000nla a2200000 4500
001 0226978
005 20240506131552.8
041 0 |a eng 
044 |a CZ 
245 1 0 |a Empirics of aggregate-supply elasticity  |c Daniel Dujava 
100 1 |a Dujava, Daniel